| 000 | 01084nam a2200181 4500 | ||
|---|---|---|---|
| 005 | 20250327152243.0 | ||
| 010 | _aHIN-129548 | ||
| 020 |
_c2995.00 _a9788193514320 |
||
| 035 | _aHN-101894 | ||
| 037 | _bDBAD | ||
| 082 |
_a305.8914 _21 |
||
| 100 |
_aटकनेत, डी.के. _979977 |
||
| 245 |
_aमारवाड़ी विरासत/ _cडी.के. टकनेत |
||
| 260 |
_aजयपुर _bइंटरनेशनल इंस्टिट्यूट ऑफ़ मैनेजमेंट एंड इंट्रप्रोंयोशिप्र _c2025 |
||
| 270 |
_bजयपुर _e302004 _aआईआईएमई, गेट न.1, लक्ष्मीनारायण मंदिर, जवाहर लाल नेहरु मार्ग _k9799398502 _k9799398505 _k0141-2620111 _miime.jaipur@gmail.com |
||
| 300 |
_a287पृ _c34सी.मी.(साजिल्द) _bपुस्तक या पत्रिका में आरेखन, आरेख या चित्र |
||
| 942 |
_2ddc _cHN _h305.8914 _mटकने |
||
| 999 |
_c210549 _d210549 |
||